Lengua castellana y literatura : proyecto curricular : Enseñanza Secundaria Obligatoria : [Andalucía]

Gespeichert in:
Bibliographische Detailangaben
Format: Buch
Sprache:Spanisch
Erschienen: Madrid : Anaya, D.L.1995
Katalog:MANES:  Suchergebnis im Bibliothekskatalog
Schulbuchspezifische Eigenschaften:
Schlagworte:
Tags: Tag hinzufügen
Keine Tags, Fügen Sie den ersten Tag hinzu!
Hinzugefügt zu:03.02.1998
Geändert in:07.05.2025

MARC

LEADER 00000camaa2200000 i 4500
005 20250507134515.0
008 980204s1995 esp fp 000 0 spa d
020 |a 8420766372 
040 |a uned  |b spa  |c entro-manes 
245 0 0 |a Lengua castellana y literatura :   |b proyecto curricular : Enseñanza Secundaria Obligatoria : [Andalucía] 
260 |a Madrid :   |b Anaya,   |c D.L.1995 
300 |a 158 p. 
500 |a En port.: Andalucía 
546 |a España 
561 |5 es-BUNED  |3 L.T.M. 1722  |a España. Fondo Manes UNED  |k MANES 
690 0 |a LEN 
650 7 |a Manual del docente  |9 36315 
942 |2 ddc  |c BK 
999 |c 96036  |d 96036 
999 |c manes:96036  |d 96036